Biochemistry : 700 questions & answers
The range of subject included in this book is based on the content outline of the federation of State medical boards of the USA.
Zapisane w:
| 1. autor: | |
|---|---|
| Format: | Książka |
| Język: | Undetermined |
| Wydane: |
New Jersey
Prentice-Hall International
1995
|
| Hasła przedmiotowe: | |
| Etykiety: |
Dodaj etykietę
Nie ma etykietki, Dołącz pierwszą etykiete!
|
| Thư viện lưu trữ: | Trung tâm Học liệu Trường Đại học Cần Thơ |
|---|
| LEADER | 00663nam a2200205Ia 4500 | ||
|---|---|---|---|
| 001 | CTU_148735 | ||
| 008 | 210402s9999 xx 000 0 und d | ||
| 082 | |a 572 | ||
| 082 | |b G559 | ||
| 100 | |a Glick, David | ||
| 245 | 0 | |a Biochemistry : | |
| 245 | 0 | |b 700 questions & answers | |
| 245 | 0 | |c David Glick | |
| 260 | |a New Jersey | ||
| 260 | |b Prentice-Hall International | ||
| 260 | |c 1995 | ||
| 520 | |a The range of subject included in this book is based on the content outline of the federation of State medical boards of the USA. | ||
| 650 | |a Biochemistry,Hóa sinh học | ||
| 904 | |i Tuyến | ||
| 980 | |a Trung tâm Học liệu Trường Đại học Cần Thơ | ||